[Event "34th European Club Cup 2018"]
[Site "Halkidiki"]
[Date "2018.10.17"]
[Round "6"]
[White "Pruijssers, Roeland"]
[Black "Ris, Robert"]
[Result "1/2-1/2"]
[WhiteElo "2501"]
[BlackElo "2435"]
[Annotator "ChessBase"]
[PlyCount "76"]
[EventDate "2018.10.12"]
[EventType "team-tourn"]
[EventCountry "GRE"]
[SourceTitle "playchess.com"]
[Source "ChessBase"]
[SourceQuality "1"]
[WhiteTeam "Echiquier Amaytois"]
[BlackTeam "BSG"]

1. e4 c6 2. d4 d5 3. exd5 cxd5 4. Bd3 Nc6 5. c3 Nf6 6. Bf4 Bg4 7. Qb3 Qd7 8. Nd2 e6 9. Ngf3 Bd6 10. Bxd6 Qxd6 11. O-O O-O 12. Rae1 Rab8 13. a4 Bxf3 14. Nxf3 Qc7 15. Qc2 g6 16. Qd2 Kg7 17. Ne5 Nxe5 18. dxe5 Ng8 19. Qe3 a6 20. Ra1 Rfc8 21. h4 h5 22. Rfe1 Qe7 23. Qf4 Nh6 24. a5 Ng4 25. g3 Rc7 26. Ra4 Rf8 27. Qg5 Nh6 28. Kg2 Qxg5 29. hxg5 Ng8 30. Kf3 Ne7 31. Ke3 Nc6 32. Kd2 Rh8 33. Re2 Rcc8 34. f4 Rhd8 35. Ke3 Kf8 36. Rd2 Ke7 37. Rd1 Rd7 38. Kd2 Rdd8 1/2-1/2

[Event "34th European Club Cup 2018"]
[Site "Halkidiki"]
[Date "2018.10.17"]
[Round "6"]
[White "Blomqvist, Erik"]
[Black "Svidler, Peter"]
[Result "0-1"]
[WhiteElo "2499"]
[BlackElo "2756"]
[Annotator "TA"]
[PlyCount "132"]
[EventDate "2018.10.12"]
[EventType "team-tourn"]
[EventCountry "GRE"]
[SourceTitle "playchess.com"]
[Source "ChessBase"]
[SourceQuality "1"]
[WhiteTeam "Nordstrand"]
[BlackTeam "St.Petersburg"]

1. e4 c5 2. Nf3 d6 3. Bb5+ Nd7 4. a4 Ngf6 5. Nc3 a6 6. Bc4 b6 7. O-O Bb7 8. Re1 g6 9. d4 cxd4 10. Qxd4 Bg7 11. Bd5 Qc7 12. Bxb7 Qxb7 13. Nd5 Rc8 14. Re2 h6 15. h3 Kf8 16. Nxf6 Bxf6 17. Qd3 Kg7 18. c3 Nc5 19. Qc2 b5 20. axb5 axb5 21. Be3 b4 22. Bd4 Bxd4 23. cxd4 b3 24. Qb1 Ne6 25. Ra3 Ra8 26. Rxa8 Rxa8 27. Re3 Ra4 28. Qd3 Qb4 29. Kh2 Nxd4 30. Nd2 e5 31. Nxb3 Nxb3 32. Qxb3 Qxb3 33. Rxb3 Rxe4 34. Rd3 Re2 35. Kg3 Rxb2 36. Rxd6 g5 37. Kf3 e4+ 38. Kxe4 Rxf2 39. g4 Rh2 40. Rd3 Kg6 41. Re3 h5 42. Ra3 Rf2 43. Rg3 hxg4 44. hxg4 Rf4+ 45. Ke3 Kf6 46. Rg2 Ke5 47. Rg1 f6 48. Ke2 Kd4 49. Rg3 Ke4 50. Re3+ Kd5 51. Rg3 Ra4 52. Rf3 Re4+ 53. Kd3 Rf4 54. Rg3 Ra4 55. Ke2 Ke4 56. Re3+ Kf4 57. Rf3+ Kxg4 58. Rxf6 Ra2+ 59. Kf1 Kg3 60. Rf8 g4 61. Rg8 Ra1+ 62. Ke2 Rg1 63. Rh8 Kg2 64. Rg8 g3 65. Rh8 Ra1 66. Rh7 Kg1 0-1

[Event "34th European Club Cup 2018"]
[Site "Halkidiki"]
[Date "2018.10.17"]
[Round "6"]
[White "Thybo, Jesper Sondergaard"]
[Black "Thorfinnsson, Bjorn"]
[Result "1-0"]
[WhiteElo "2496"]
[BlackElo "2414"]
[Annotator "ChessBase"]
[PlyCount "55"]
[EventDate "2018.10.12"]
[EventType "team-tourn"]
[EventCountry "GRE"]
[SourceTitle "playchess.com"]
[Source "ChessBase"]
[SourceQuality "1"]
[WhiteTeam "Jetsmark"]
[BlackTeam "Viking CC"]

1. d4 d5 2. Nf3 e6 3. c4 Nf6 4. g3 dxc4 5. Bg2 a6 6. O-O Nc6 7. e3 Rb8 8. Nfd2 Qd7 9. Nxc4 b5 10. Ncd2 Bb7 11. Nb3 Nd8 12. f3 h5 13. e4 h4 14. Nc3 hxg3 15. hxg3 b4 16. Ne2 Qb5 17. Bf4 Rc8 18. Rc1 Qb6 19. Qd2 Nd7 20. Be3 a5 21. Rfd1 Qb5 22. Nc5 Nxc5 23. dxc5 e5 24. a4 Qc6 25. Qd5 f6 26. Bf1 Qxa4 27. c6 Bxc6 28. Qc4 1-0

[Event "34th European Club Cup 2018"]
[Site "Halkidiki"]
[Date "2018.10.17"]
[Round "6"]
[White "Ivic, Velimir"]
[Black "Paravyan, David"]
[Result "1/2-1/2"]
[WhiteElo "2487"]
[BlackElo "2629"]
[Annotator "TA"]
[PlyCount "88"]
[EventDate "2018.10.12"]
[EventType "team-tourn"]
[EventCountry "GRE"]
[SourceTitle "playchess.com"]
[Source "ChessBase"]
[SourceQuality "1"]
[WhiteTeam "Itaka"]
[BlackTeam "Molodezhka"]

1. e4 e5 2. Nf3 Nc6 3. Bb5 g6 4. O-O Bg7 5. c3 a6 6. Bxc6 dxc6 7. d4 exd4 8. cxd4 Bg4 9. Be3 c5 10. Qa4+ b5 11. Qc2 Bxf3 12. gxf3 Bxd4 13. Bxd4 cxd4 14. Qc6+ Kf8 15. Rd1 Kg7 16. Qc5 Qf6 17. Qxd4 Ne7 18. Nc3 Rhd8 19. Qc5 b4 20. Qxb4 Nc6 21. Qc5 Ne5 22. Qe3 Nxf3+ 23. Kg2 Nh4+ 24. Kh1 Rab8 25. Rxd8 Rxd8 26. Rd1 Rxd1+ 27. Nxd1 g5 28. Nc3 h6 29. h3 c6 30. Kg1 Ng6 31. b3 Kg8 32. a4 Nh4 33. Kf1 Qe5 34. Qd3 Qh2 35. Ke2 Ng6 36. Qxa6 Nf4+ 37. Kd2 Qxf2+ 38. Ne2 Ng2 39. Qd3 Qe1+ 40. Kc2 Nf4 41. Nxf4 gxf4 42. Qd8+ Kg7 43. Qd4+ Kh7 44. Qd7 Qf2+ 1/2-1/2

[Event "34th European Club Cup 2018"]
[Site "Halkidiki"]
[Date "2018.10.17"]
[Round "6"]
[White "Petursson, Margeir"]
[Black "Sotsky, Alexander"]
[Result "1-0"]
[WhiteElo "2486"]
[BlackElo "2330"]
[Annotator "ChessBase"]
[PlyCount "73"]
[EventDate "2018.10.12"]
[EventType "team-tourn"]
[EventCountry "GRE"]
[SourceTitle "playchess.com"]
[Source "ChessBase"]
[SourceQuality "1"]
[WhiteTeam "Reykjavik"]
[BlackTeam "Overtime"]

1. c4 e6 2. g3 f5 3. Bg2 Nf6 4. Nf3 d5 5. O-O c6 6. d3 Bc5 7. Nc3 O-O 8. e4 fxe4 9. dxe4 dxc4 10. Qe2 Qd3 11. Qxd3 cxd3 12. Ne5 Bd4 13. Nxd3 Re8 14. e5 Ng4 15. Bf4 Nd7 16. Rae1 g5 17. Bxg5 Ngxe5 18. Nxe5 Bxe5 19. Ne4 Bxb2 20. Nd6 Rf8 21. Be7 Rf7 22. Nxf7 Kxf7 23. Bd6 Nb6 24. Be5 Ba3 25. Re4 Bf8 26. Rf4+ Kg8 27. Rg4+ Kf7 28. Rh4 h6 29. Bf4 e5 30. Bxe5 Be6 31. Ra1 Rd8 32. a4 Nc4 33. Bf4 Bg7 34. Rb1 Rd7 35. Bxh6 Bf6 36. Rf4 Kg6 37. Be4+ 1-0

[Event "34th European Club Cup 2018"]
[Site "Halkidiki"]
[Date "2018.10.17"]
[Round "6"]
[White "Sprenger, Jan Michael"]
[Black "Jakubiec, Artur"]
[Result "1/2-1/2"]
[WhiteElo "2486"]
[BlackElo "2508"]
[Annotator "ChessBase"]
[PlyCount "81"]
[EventDate "2018.10.12"]
[EventType "team-tourn"]
[EventCountry "GRE"]
[SourceTitle "playchess.com"]
[Source "ChessBase"]
[SourceQuality "1"]
[WhiteTeam "Berlin"]
[BlackTeam "Wirtzfeld"]

1. e4 c5 2. Nf3 Nc6 3. d4 cxd4 4. Nxd4 e5 5. Nb5 d6 6. N1c3 a6 7. Na3 b5 8. Nd5 Nge7 9. c4 Nd4 10. cxb5 Nxd5 11. exd5 Be7 12. Bd3 O-O 13. O-O f5 14. bxa6 Bxa6 15. Be3 Bb7 16. Bxd4 exd4 17. Qb3 Bc8 18. Rfe1 Bf6 19. Nc4 Ba6 20. Re2 Bxc4 21. Bxc4 Be5 22. a4 Qh4 23. g3 Qg5 24. Qf3 h5 25. Bd3 f4 26. Qe4 Rf6 27. Rc1 Rh6 28. Qf5 Qxf5 29. Bxf5 Rxa4 30. gxf4 Bxf4 31. Rc8+ Kf7 32. Ree8 Kf6 33. Rf8+ Kg5 34. Bc2 Ra1+ 35. Kg2 Rf6 36. Rxf6 gxf6 37. Rg8+ Kh4 38. Re8 Rc1 39. Be4 Re1 40. Bg6 Rxe8 41. Bxe8 1/2-1/2

[Event "34th European Club Cup 2018"]
[Site "Halkidiki"]
[Date "2018.10.17"]
[Round "6"]
[White "Miljkovic, Miroslav D"]
[Black "Forster, Richard"]
[Result "1/2-1/2"]
[WhiteElo "2484"]
[BlackElo "2460"]
[Annotator "ChessBase"]
[PlyCount "101"]
[EventDate "2018.10.12"]
[EventType "team-tourn"]
[EventCountry "GRE"]
[SourceTitle "playchess.com"]
[Source "ChessBase"]
[SourceQuality "1"]
[WhiteTeam "Sloven Ruma"]
[BlackTeam "Winterthur"]

1. d4 f5 2. Nc3 Nf6 3. Bg5 d5 4. e3 e6 5. Bd3 c5 6. dxc5 Bxc5 7. Nf3 O-O 8. O-O a6 9. Ne2 Bd6 10. Bf4 Re8 11. Bxd6 Qxd6 12. c4 e5 13. Bc2 e4 14. Ne1 Nc6 15. cxd5 Ne5 16. h3 Neg4 17. Ng3 h5 18. hxg4 Nxg4 19. Qd2 h4 20. Bd1 hxg3 21. Bxg4 fxg4 22. fxg3 Re5 23. Nc2 Rxd5 24. Nd4 Qxg3 25. Qf2 Qxf2+ 26. Kxf2 Bd7 27. Kg3 Rf8 28. Rxf8+ Kxf8 29. Rc1 g5 30. Rc7 b6 31. Rb7 Rd6 32. b4 a5 33. b5 Ke8 34. Rb8+ Kf7 35. a4 Rf6 36. Rb7 Ke8 37. Nc6 Bxc6 38. Rxb6 Kd7 39. Kxg4 Rf2 40. Rxc6 Rxg2+ 41. Kf5 g4 42. Rc4 g3 43. Rxe4 Ra2 44. Rg4 g2 45. e4 Kd6 46. Rg6+ Kc5 47. e5 Kd5 48. Rd6+ Kc5 49. Rg6 Kd5 50. Rd6+ Kc5 51. Rg6 1/2-1/2

[Event "34th European Club Cup 2018"]
[Site "Halkidiki"]
[Date "2018.10.17"]
[Round "6"]
[White "Alsina Leal, Daniel"]
[Black "Mueller, Reinhold"]
[Result "1-0"]
[WhiteElo "2483"]
[BlackElo "2306"]
[Annotator "ChessBase"]
[PlyCount "79"]
[EventDate "2018.10.12"]
[EventType "team-tourn"]
[EventCountry "GRE"]
[SourceTitle "playchess.com"]
[Source "ChessBase"]
[SourceQuality "1"]
[WhiteTeam "White Rose"]
[BlackTeam "Dublin"]

1. e4 c5 2. Nf3 d6 3. d4 cxd4 4. Nxd4 Nf6 5. Nc3 g6 6. Be3 Bg7 7. f3 O-O 8. Qd2 Nc6 9. O-O-O d5 10. Nxc6 bxc6 11. Bc4 e6 12. Bb3 Qa5 13. Kb1 dxe4 14. Nxe4 Qe5 15. Nxf6+ Qxf6 16. Bd4 e5 17. Bc3 Be6 18. Bxe6 Qxe6 19. Rhe1 Rfe8 20. Qd7 Qc4 21. a3 Qh4 22. h3 Qf2 23. Qd2 Qc5 24. g4 Rab8 25. Ka1 Rb7 26. Re4 f5 27. gxf5 gxf5 28. Rb4 Rf7 29. Qg5 Qf2 30. f4 c5 31. Rd8 Rxd8 32. Qxd8+ Rf8 33. Qd5+ Kh8 34. Ra4 exf4 35. Bxg7+ Kxg7 36. Rxa7+ Kg6 37. Qe6+ Rf6 38. Qg8+ Kh5 39. Qxh7+ Rh6 40. Qxf5+ 1-0

[Event "34th European Club Cup 2018"]
[Site "Halkidiki"]
[Date "2018.10.17"]
[Round "6"]
[White "Petrov, Marian"]
[Black "Donchenko, Alexander"]
[Result "1-0"]
[WhiteElo "2482"]
[BlackElo "2610"]
[Annotator "TA"]
[PlyCount "129"]
[EventDate "2018.10.12"]
[EventType "team-tourn"]
[EventCountry "GRE"]
[SourceTitle "playchess.com"]
[Source "ChessBase"]
[SourceQuality "1"]
[WhiteTeam "Eynatten"]
[BlackTeam "Aachen"]

1. e4 c5 2. Nf3 d6 3. c3 Nf6 4. Be2 Bd7 5. d3 g6 6. O-O Bg7 7. Re1 O-O 8. Bf1 Nc6 9. h3 e5 10. a3 h6 11. b4 Be6 12. b5 Na5 13. c4 Nd7 14. Nc3 f5 15. Nd5 Nf6 16. Bb2 Nxd5 17. exd5 Bd7 18. Bc3 b6 19. Nd2 Nb7 20. g3 Kh7 21. Bg2 Rf7 22. h4 a6 23. a4 a5 24. h5 g5 25. g4 fxg4 26. Be4+ Kh8 27. Nf1 Rf4 28. Ng3 Qf6 29. Qe2 Rf8 30. Rf1 Kg8 31. Bd2 Kh8 32. Be3 Rf3 33. Kg2 Be8 34. Rh1 Bf7 35. Rag1 Bg8 36. Kf1 Bh7 37. Ke1 Qf7 38. Nf1 Bxe4 39. dxe4 Rh3 40. Rxh3 gxh3 41. Nh2 Qd7 42. Qg4 Qxg4 43. Nxg4 Nd8 44. Rh1 Kg8 45. Rxh3 Kf7 46. Ke2 Ke7 47. Bd2 Rf4 48. Bxf4 exf4 49. e5 dxe5 50. Kd3 Nf7 51. Rh1 Bh8 52. Re1 Bg7 53. f3 Kd7 54. Nf2 Nd6 55. Ne4 Nf5 56. Rg1 Ne7 57. Nxg5 hxg5 58. Rxg5 Bf6 59. Rg4 Nf5 60. h6 Nd6 61. h7 e4+ 62. fxe4 Nf7 63. Rxf4 Ne5+ 64. Ke2 Bg7 65. Rf8 1-0

[Event "34th European Club Cup 2018"]
[Site "Halkidiki"]
[Date "2018.10.17"]
[Round "6"]
[White "Baldauf, Marco"]
[Black "Hautot, Stephane"]
[Result "1/2-1/2"]
[WhiteElo "2472"]
[BlackElo "2331"]
[Annotator "ChessBase"]
[PlyCount "114"]
[EventDate "2018.10.12"]
[EventType "team-tourn"]
[EventCountry "GRE"]
[SourceTitle "playchess.com"]
[Source "ChessBase"]
[SourceQuality "1"]
[WhiteTeam "Berlin"]
[BlackTeam "Wirtzfeld"]

1. c4 c5 2. Nf3 g6 3. d4 cxd4 4. Nxd4 Bg7 5. e4 Nf6 6. Nc3 d6 7. Be2 Nc6 8. Be3 O-O 9. O-O Nxd4 10. Bxd4 Be6 11. f4 Rc8 12. b3 Qa5 13. Rc1 b5 14. Nxb5 Nxe4 15. Bxg7 Kxg7 16. Qd4+ Nf6 17. Qxa7 Qxa7+ 18. Nxa7 Ra8 19. Nc6 Rxa2 20. Bf3 Bg4 21. Nxe7 Bxf3 22. Rxf3 Re8 23. Re1 Rb2 24. f5 g5 25. Kf1 Ra8 26. Rg3 h6 27. h4 Nh5 28. f6+ Kh7 29. Rg4 Nxf6 30. Rg3 g4 31. h5 Raa2 32. Kg1 Re2 33. Rf1 Rxe7 34. Rxf6 Kg7 35. Rf4 Re1+ 36. Kh2 Raa1 37. Rfxg4+ Kf8 38. Rd3 Rh1+ 39. Kg3 Rab1 40. Rh4 Rhg1 41. Rf4 Rb2 42. Rf2 Rgb1 43. Rxb2 Rxb2 44. Kf3 Ke7 45. g3 f5 46. Ke3 Rh2 47. Rd5 Ke6 48. b4 Rxh5 49. b5 Rg5 50. Kf3 Rg4 51. b6 Rxc4 52. Rb5 Rc8 53. Ke3 Kd7 54. Rxf5 Rc3+ 55. Kf4 Rc4+ 56. Kf3 Rb4 57. Rh5 Rxb6 1/2-1/2

[Event "34th European Club Cup 2018"]
[Site "Halkidiki"]
[Date "2018.10.17"]
[Round "6"]
[White "Koch, Thomas"]
[Black "Swinkels, Robin"]
[Result "1-0"]
[WhiteElo "2467"]
[BlackElo "2486"]
[Annotator "ChessBase"]
[PlyCount "155"]
[EventDate "2018.10.12"]
[EventType "team-tourn"]
[EventCountry "GRE"]
[SourceTitle "playchess.com"]
[Source "ChessBase"]
[SourceQuality "1"]
[WhiteTeam "Eynatten"]
[BlackTeam "Aachen"]

1. d4 d5 2. c4 c6 3. Nc3 Nf6 4. Nf3 e6 5. e3 Nbd7 6. Qc2 Bd6 7. b3 O-O 8. Be2 b6 9. O-O Bb7 10. Bb2 Qe7 11. Rad1 Rad8 12. Rfe1 Rfe8 13. h3 a6 14. e4 Nxe4 15. Nxe4 dxe4 16. Qxe4 Bb4 17. Rf1 Bd6 18. Bd3 f5 19. Qe3 c5 20. dxc5 Nxc5 21. Bc2 f4 22. Qc3 e5 23. b4 Nd7 24. a3 e4 25. Rfe1 Ne5 26. Bxe4 Bxe4 27. Rxe4 Nxf3+ 28. gxf3 Qg5+ 29. Kf1 Bf8 30. Rde1 Rxe4 31. fxe4 Qh5 32. Kg2 Rd6 33. Kh2 Rg6 34. Rg1 Qe2 35. Rxg6 hxg6 36. Qd4 Kh7 37. e5 g5 38. Bc3 Be7 39. Kg1 Qf3 40. Kh2 Qe2 41. Kg2 Kh8 42. Qd7 f3+ 43. Kg3 Qxc4 44. Qe8+ Kh7 45. Qh5+ Kg8 46. Qxf3 a5 47. bxa5 bxa5 48. Bxa5 Qc5 49. Qc3 Qd5 50. Bb4 Bxb4 51. axb4 Qe4 52. b5 Qf4+ 53. Kg2 Qe4+ 54. Kh2 g4 55. b6 gxh3 56. Qb3+ Kf8 57. Kxh3 Qh1+ 58. Kg3 Qg1+ 59. Kf3 Qh1+ 60. Ke2 Qe4+ 61. Qe3 Qc4+ 62. Qd3 Qa2+ 63. Ke3 Qb2 64. Qd8+ Kf7 65. Qd5+ Kg6 66. b7 Kh7 67. e6 Qc1+ 68. Ke2 Qc2+ 69. Kf3 Qc3+ 70. Kg2 Qb4 71. Kh3 g5 72. Qf5+ Kh6 73. Qf3 g4+ 74. Qxg4 Qb3+ 75. Kh4 Qb2 76. Qf4+ Kg6 77. b8=Q Qh8+ 78. Kg3 1-0

[Event "34th European Club Cup 2018"]
[Site "Halkidiki"]
[Date "2018.10.17"]
[Round "6"]
[White "Lazic, Miroljub"]
[Black "Ballmann, Martin"]
[Result "1-0"]
[WhiteElo "2466"]
[BlackElo "2381"]
[Annotator "TA"]
[PlyCount "99"]
[EventDate "2018.10.12"]
[EventType "team-tourn"]
[EventCountry "GRE"]
[SourceTitle "playchess.com"]
[Source "ChessBase"]
[SourceQuality "1"]
[WhiteTeam "Sloven Ruma"]
[BlackTeam "Winterthur"]

1. e4 c5 2. Nc3 Nc6 3. g3 g6 4. Bg2 Bg7 5. d3 d6 6. Be3 Rb8 7. f4 Nf6 8. h3 Nd4 9. Nf3 Nd7 10. O-O b5 11. Qd2 b4 12. Nd1 Nxf3+ 13. Bxf3 Nb6 14. Bg2 Na4 15. Rb1 Qc7 16. f5 gxf5 17. exf5 Bb7 18. Bxb7 Qxb7 19. Kh2 Nb6 20. Bh6 Be5 21. Ne3 Nd7 22. Ng4 Rg8 23. Nxe5 Nxe5 24. Qe2 Qd5 25. Bf4 f6 26. Bxe5 dxe5 27. b3 Kf7 28. Qh5+ Kg7 29. Rbe1 Kh8 30. Re4 Rg5 31. Qe2 Qd7 32. Rxe5 Rbg8 33. Re3 Rxf5 34. Rxf5 Qxf5 35. Rxe7 Rg7 36. Re8+ Rg8 37. Re4 a5 38. g4 Qd5 39. Qf2 Rf8 40. Kg1 Rf7 41. Rc4 Qe5 42. Rxc5 Qa1+ 43. Kg2 Qxa2 44. Qf4 Kg7 45. Rc8 Qa1 46. g5 Qe1 47. gxf6+ Rxf6 48. Rc7+ Kg6 49. Qg4+ Kh6 50. Qg7+ 1-0

[Event "34th European Club Cup 2018"]
[Site "Halkidiki"]
[Date "2018.10.17"]
[Round "6"]
[White "Bokros, Albert"]
[Black "Safarli, Eltaj"]
[Result "0-1"]
[WhiteElo "2465"]
[BlackElo "2676"]
[Annotator "TA"]
[PlyCount "168"]
[EventDate "2018.10.12"]
[EventType "team-tourn"]
[EventCountry "GRE"]
[SourceTitle "playchess.com"]
[Source "ChessBase"]
[SourceQuality "1"]
[WhiteTeam "Dunajska Streda"]
[BlackTeam "Odlar Yurdu"]

1. e4 c5 2. Nf3 d6 3. Bb5+ Nc6 4. O-O Bd7 5. Re1 Nf6 6. c3 a6 7. Bf1 Bg4 8. h3 Bxf3 9. Qxf3 e6 10. d3 Be7 11. Qg3 O-O 12. Bh6 Ne8 13. Bf4 Bh4 14. Qf3 Bg5 15. Nd2 b5 16. Rad1 Rb8 17. Bxg5 Qxg5 18. Qe2 Qe7 19. Nf3 Nf6 20. g3 d5 21. exd5 Nxd5 22. d4 c4 23. Bg2 Rfd8 24. a3 h6 25. Qc2 Qc7 26. Ne5 Nxe5 27. Rxe5 Nb6 28. Rde1 Nd7 29. R5e3 Nf6 30. Re5 Rd6 31. Bf3 Nd7 32. R5e3 a5 33. Rd1 g6 34. h4 h5 35. Qe2 Rd8 36. Rc1 Kg7 37. Kg2 Rc8 38. Qe1 Rb6 39. Qd2 Qd6 40. Qe2 Rc7 41. Kg1 Rb8 42. Kg2 Rbc8 43. Qe1 Qb6 44. Qd2 Rd8 45. Qe2 Qd6 46. Kg1 Rdc8 47. Qe1 Rb8 48. Qe2 Rcc8 49. Kg2 Rb6 50. Kg1 Nf6 51. Re5 Nd7 52. Re3 Rc7 53. Kg2 Rb8 54. Kg1 Ra7 55. Kg2 Rc8 56. Qf1 Nf6 57. Qe2 Nd7 58. Qf1 Nb6 59. Qe1 b4 60. cxb4 axb4 61. Qxb4 Qxb4 62. axb4 Ra4 63. b3 Rxb4 64. bxc4 Rcxc4 65. Rxc4 Nxc4 66. Re2 Rb5 67. Bc6 Ra5 68. Rc2 Nd6 69. Rd2 Ra3 70. Kf1 Rc3 71. Bg2 Kf6 72. Ke2 Rb3 73. Bh3 Rb4 74. Kd3 Nb5 75. Ke3 Nc3 76. Bg2 Rb3 77. Kf4 Nb5 78. Be4 Nxd4 79. Rd3 Rb2 80. g4 e5+ 81. Kg3 hxg4 82. Ra3 Nf5+ 83. Kxg4 Rxf2 84. Ra6+ Kg7 0-1

[Event "34th European Club Cup 2018"]
[Site "Halkidiki"]
[Date "2018.10.17"]
[Round "6"]
[White "Pijpers, Arthur"]
[Black "Milosevic, Milos"]
[Result "1-0"]
[WhiteElo "2465"]
[BlackElo "2306"]
[Annotator "ChessBase"]
[PlyCount "101"]
[EventDate "2018.10.12"]
[EventType "team-tourn"]
[EventCountry "GRE"]
[SourceTitle "playchess.com"]
[Source "ChessBase"]
[SourceQuality "1"]
[WhiteTeam "Leiden"]
[BlackTeam "Partizan"]

1. e4 e5 2. Nf3 d6 3. d4 exd4 4. Nxd4 Nf6 5. Nc3 Be7 6. Bf4 O-O 7. Qd2 c6 8. O-O-O b5 9. f3 b4 10. Na4 c5 11. Nb5 Qa5 12. b3 Bd7 13. Bxd6 Bxd6 14. Nxd6 Bxa4 15. bxa4 Qxa4 16. Kb1 Qa3 17. e5 Nfd7 18. Nxf7 Nb6 19. Qd6 Nc6 20. Qe6 Rxf7 21. Qxc6 Raf8 22. Bb5 Qa5 23. e6 Re7 24. Qd6 Nc8 25. Qb8 c4 26. Bxc4 Qc5 27. Qb5 Qf2 28. Qg5 g6 29. Rd7 Rf5 30. Qh6 Qb6 31. Rhd1 Rf8 32. Qg5 Rfe8 33. Qf6 a5 34. Rxe7 Rxe7 35. Rd7 a4 36. Rxe7 Nxe7 37. Qf7+ Kh8 38. Qf6+ Kg8 39. Qf7+ Kh8 40. Qxe7 Qg1+ 41. Kb2 Qd4+ 42. Kc1 Qa1+ 43. Kd2 Qc3+ 44. Kd1 Qa1+ 45. Ke2 Qe5+ 46. Kf1 Qa1+ 47. Kf2 Qd4+ 48. Kg3 Qe5+ 49. f4 Qe1+ 50. Kh3 Qc3+ 51. Bd3 1-0

[Event "34th European Club Cup 2018"]
[Site "Halkidiki"]
[Date "2018.10.17"]
[Round "6"]
[White "Novik, Maxim"]
[Black "Sulypa, Oleksandr"]
[Result "1/2-1/2"]
[WhiteElo "2461"]
[BlackElo "2487"]
[Annotator "TA"]
[PlyCount "94"]
[EventDate "2018.10.12"]
[EventType "team-tourn"]
[EventCountry "GRE"]
[SourceTitle "playchess.com"]
[Source "ChessBase"]
[SourceQuality "1"]
[WhiteTeam "Overtime"]
[BlackTeam "Reykjavik"]

1. Nf3 c5 2. g3 Nc6 3. Bg2 g6 4. c3 e5 5. d4 cxd4 6. cxd4 e4 7. Ne5 d5 8. Nc3 Bg7 9. Nxc6 bxc6 10. O-O Ne7 11. b3 Nf5 12. e3 h5 13. Ba3 h4 14. Qc2 hxg3 15. hxg3 Bd7 16. Nxe4 dxe4 17. Qxe4+ Ne7 18. Rac1 Rc8 19. Rfd1 Bf5 20. Qf4 Nd5 21. Qf3 Qd7 22. Qe2 Bg4 23. Bf3 Bxf3 24. Qxf3 Qh3 25. e4 Ne7 26. Bc5 Kd7 27. Rc4 Rc7 28. Ra4 Qh2+ 29. Kf1 Qh1+ 30. Ke2 Qxf3+ 31. Kxf3 Nc8 32. Ra6 Bf8 33. b4 Be7 34. Ke3 Re8 35. Rh1 Rb7 36. Rh7 Rf8 37. f4 Nb6 38. Kd3 Nc8 39. Kc4 Nd6+ 40. Bxd6 Bxd6 41. a3 Bc7 42. e5 Bb6 43. a4 Kc7 44. a5 Bxd4 45. Kxd4 Rxb4+ 46. Kc3 Rb7 47. e6 Kd6 1/2-1/2

[Event "34th European Club Cup 2018"]
[Site "Halkidiki"]
[Date "2018.10.17"]
[Round "6"]
[White "Beerdsen, Thomas"]
[Black "Saraci, Nderim"]
[Result "1-0"]
[WhiteElo "2460"]
[BlackElo "2402"]
[Annotator "ChessBase"]
[PlyCount "115"]
[EventDate "2018.10.12"]
[EventType "team-tourn"]
[EventCountry "GRE"]
[SourceTitle "playchess.com"]
[Source "ChessBase"]
[SourceQuality "1"]
[WhiteTeam "Apeldoorn"]
[BlackTeam "Drejtesia"]

1. e4 c5 2. Nf3 d6 3. Nc3 e5 4. Bc4 Be7 5. d3 Be6 6. O-O Nd7 7. Nd5 Ngf6 8. Ne3 Bxc4 9. Nxc4 Nf8 10. Nh4 Ne6 11. Nf5 g6 12. Nxe7 Qxe7 13. f4 exf4 14. Bxf4 Nxf4 15. Rxf4 O-O 16. Qf3 Nh5 17. Rg4 Kh8 18. Ne3 Rae8 19. Nd5 Qe5 20. c3 f5 21. Rg5 Nf6 22. Nf4 Ng4 23. Rf1 Qe7 24. Rxg6 Qh4 25. h3 Ne5 26. Qg3 Qxg3 27. Rxg3 fxe4 28. dxe4 Nc4 29. Rf2 Rf6 30. Rg4 Ref8 31. Rh4 Rg8 32. Nd3 Rxf2 33. Kxf2 Rf8+ 34. Ke2 Rg8 35. g4 Re8 36. g5 Kg7 37. Rf4 d5 38. b3 Nd6 39. Nxc5 b6 40. Rf6 Nxe4 41. Nxe4 Rxe4+ 42. Kf3 Re1 43. Rd6 Rc1 44. Kg4 Rxc3 45. Rxd5 Rc7 46. h4 h6 47. Rd6 hxg5 48. hxg5 Rf7 49. Kh5 Rc7 50. a4 Rf7 51. b4 Rf4 52. Rd7+ Kf8 53. a5 Rxb4 54. a6 Ra4 55. Rxa7 Ra1 56. Kg6 b5 57. Ra8+ Ke7 58. a7 1-0

[Event "34th European Club Cup 2018"]
[Site "Halkidiki"]
[Date "2018.10.17"]
[Round "6"]
[White "Riemersma, Li"]
[Black "Burg, Twan"]
[Result "1-0"]
[WhiteElo "2460"]
[BlackElo "2517"]
[Annotator "TA"]
[PlyCount "89"]
[EventDate "2018.10.12"]
[EventType "team-tourn"]
[EventCountry "GRE"]
[SourceTitle "playchess.com"]
[Source "ChessBase"]
[SourceQuality "1"]
[WhiteTeam "BSG"]
[BlackTeam "Echiquier Amaytois"]

1. c4 e5 2. Nc3 Nf6 3. g3 d5 4. cxd5 Nxd5 5. Bg2 Nb6 6. Nf3 Nc6 7. O-O Be7 8. d3 O-O 9. Be3 Re8 10. Rc1 Bf8 11. Ne4 Nd4 12. Re1 c6 13. Bxd4 exd4 14. Nc5 Nd7 15. Nxd7 Qxd7 16. Nd2 Qd8 17. Nb3 Qb6 18. Qc2 Be6 19. Nd2 Rad8 20. a3 Bd5 21. Bf3 a6 22. Nc4 Qc7 23. Qd2 Re6 24. Qa5 Qe7 25. Nb6 Bxf3 26. exf3 Re8 27. Re4 Rxe4 28. fxe4 g6 29. a4 Qe6 30. Rc4 Bg7 31. Qg5 f5 32. exf5 Qe1+ 33. Kg2 Qa5 34. h4 gxf5 35. Rxd4 Qe5 36. Rd7 h6 37. Qg6 Rf8 38. Nc4 Qf6 39. Qxf6 Bxf6 40. Rxb7 Rd8 41. Rb6 Rxd3 42. Rxc6 Be7 43. Rxa6 h5 44. Re6 Bb4 45. Rg6+ 1-0

[Event "34th European Club Cup 2018"]
[Site "Halkidiki"]
[Date "2018.10.17"]
[Round "6"]
[White "Liiva, Riho"]
[Black "Babula, Vlastimil"]
[Result "1/2-1/2"]
[WhiteElo "2456"]
[BlackElo "2522"]
[Annotator "ChessBase"]
[PlyCount "146"]
[EventDate "2018.10.12"]
[EventType "team-tourn"]
[EventCountry "GRE"]
[SourceTitle "playchess.com"]
[Source "ChessBase"]
[SourceQuality "1"]
[WhiteTeam "Reval"]
[BlackTeam "Bremen"]

1. e4 c5 2. Nc3 e6 3. g3 Nc6 4. Bg2 g6 5. d3 Bg7 6. Be3 d6 7. f4 Nge7 8. Nf3 O-O 9. O-O b6 10. d4 d5 11. exd5 Nf5 12. Bf2 Ncxd4 13. Ne5 exd5 14. Nxd5 Bb7 15. c4 h5 16. b4 Qd6 17. bxc5 bxc5 18. Rb1 Bxd5 19. Bxd5 Rae8 20. Rb7 Bxe5 21. fxe5 Rxe5 22. Rxa7 Ne2+ 23. Kg2 Nc3 24. Qf3 Nxd5 25. cxd5 Rxd5 26. Ra6 Qxa6 27. Qxd5 Qe2 28. Qxc5 Qxa2 29. Rc1 Qe2 30. Qc3 Rd8 31. Qf3 Qb2 32. Qc3 Qe2 33. Qf3 Qa2 34. Re1 Rd2 35. Kg1 Qb2 36. Rd1 Rc2 37. Qa8+ Kh7 38. Qf3 Qa2 39. Re1 Qc4 40. Qe4 Qb3 41. Kg2 Qa2 42. Qf3 Nd4 43. Qf4 Nf5 44. Qf3 Rd2 45. Qf4 Nd4 46. Re7 Qd5+ 47. Qe4 Qxe4+ 48. Rxe4 Ne6 49. Kf1 g5 50. Re2 Rxe2 51. Kxe2 Kg6 52. h3 Kf5 53. Kf3 Ke5 54. Bb6 f5 55. Ba7 Nd4+ 56. Ke3 f4+ 57. gxf4+ gxf4+ 58. Kf2 Ke4 59. Bb6 Nf3 60. Ba7 Ne5 61. Bb6 Nd3+ 62. Kg2 Nb2 63. Bc5 Nd1 64. Bb6 f3+ 65. Kg3 Ne3 66. Bc5 h4+ 67. Kf2 Nd5 68. Bd6 Nf4 69. Be7 Nxh3+ 70. Kf1 Ng5 71. Bxg5 h3 72. Kg1 Kd3 73. Bh4 Ke2 1/2-1/2